<?xml version="1.0" encoding="UTF-8"?>
<record
    xmlns:xsi="http://www.w3.org/2001/XMLSchema-instance"
    xsi:schemaLocation="http://www.loc.gov/MARC21/slim http://www.loc.gov/standards/marcxml/schema/MARC21slim.xsd"
    xmlns="http://www.loc.gov/MARC21/slim">

  <leader>00901nam a22001817a 4500</leader>
  <controlfield tag="008">090719t        xxu||||| |||| 00| 0 eng d</controlfield>
  <datafield tag="020" ind1=" " ind2=" ">
    <subfield code="a">9789953822143</subfield>
  </datafield>
  <datafield tag="082" ind1=" " ind2=" ">
    <subfield code="2">22</subfield>
    <subfield code="a">320.54</subfield>
    <subfield code="b">&#x62F; &#x648; &#x644; </subfield>
  </datafield>
  <datafield tag="245" ind1="0" ind2="2">
    <subfield code="a">&#x627;&#x644;&#x62F;&#x648;&#x644;&#x629; &#x627;&#x644;&#x648;&#x637;&#x646;&#x64A;&#x629; &#x627;&#x644;&#x645;&#x639;&#x627;&#x635;&#x631;&#x629;:</subfield>
    <subfield code="b">&#x623;&#x632;&#x645;&#x629; &#x627;&#x644;&#x627;&#x646;&#x62F;&#x645;&#x627;&#x62C; &#x648;&#x627;&#x644;&#x62A;&#x641;&#x643;&#x64A;&#x643;</subfield>
  </datafield>
  <datafield tag="260" ind1=" " ind2=" ">
    <subfield code="a">&#x628;&#x64A;&#x631;&#x648;&#x62A;:</subfield>
    <subfield code="b">&#x645;&#x631;&#x643;&#x632; &#x62F;&#x631;&#x627;&#x633;&#x627;&#x62A; &#x627;&#x644;&#x648;&#x62D;&#x62F;&#x629; &#x627;&#x644;&#x639;&#x631;&#x628;&#x64A;&#x629; &#x60C; </subfield>
    <subfield code="c">2008</subfield>
  </datafield>
  <datafield tag="300" ind1=" " ind2=" ">
    <subfield code="a">166 &#x635; </subfield>
    <subfield code="c">24 &#x633;&#x645;</subfield>
  </datafield>
  <datafield tag="490" ind1="1" ind2=" ">
    <subfield code="a">&#x633;&#x644;&#x633;&#x644;&#x629; &#x643;&#x62A;&#x628; &#x627;&#x644;&#x645;&#x633;&#x62A;&#x642;&#x628;&#x644; &#x627;&#x644;&#x639;&#x631;&#x628;&#x649;</subfield>
    <subfield code="v">58</subfield>
  </datafield>
  <datafield tag="650" ind1=" " ind2=" ">
    <subfield code="9">8069</subfield>
    <subfield code="a">&#x627;&#x644;&#x62F;&#x64A;&#x645;&#x642;&#x631;&#x627;&#x637;&#x64A;&#x629;</subfield>
    <subfield code="z">&#x627;&#x644;&#x628;&#x644;&#x62F;&#x627;&#x646; &#x627;&#x644;&#x639;&#x631;&#x628;&#x64A;&#x629;</subfield>
  </datafield>
  <datafield tag="650" ind1=" " ind2=" ">
    <subfield code="9">8070</subfield>
    <subfield code="a">&#x627;&#x644;&#x627;&#x62D;&#x632;&#x627;&#x628; &#x627;&#x644;&#x633;&#x64A;&#x627;&#x633;&#x64A;&#x629;</subfield>
    <subfield code="z">&#x627;&#x644;&#x628;&#x644;&#x62F;&#x627;&#x646; &#x627;&#x644;&#x639;&#x631;&#x628;&#x64A;&#x629;</subfield>
  </datafield>
  <datafield tag="700" ind1="1" ind2=" ">
    <subfield code="9">8071</subfield>
    <subfield code="a">&#x627;&#x644;&#x631;&#x62D;&#x645;&#x648;&#x646; &#x60C; &#x627;&#x62D;&#x645;&#x62F; &#x639;&#x648;&#x636;</subfield>
  </datafield>
  <datafield tag="942" ind1=" " ind2=" ">
    <subfield code="2">ddc</subfield>
    <subfield code="c">BB</subfield>
  </datafield>
  <datafield tag="999" ind1=" " ind2=" ">
    <subfield code="c">12369</subfield>
    <subfield code="d">12369</subfield>
  </datafield>
  <datafield tag="952" ind1=" " ind2=" ">
    <subfield code="0">0</subfield>
    <subfield code="1">0</subfield>
    <subfield code="2">ddc</subfield>
    <subfield code="4">0</subfield>
    <subfield code="7">0</subfield>
    <subfield code="8">mas</subfield>
    <subfield code="a">MAIN</subfield>
    <subfield code="b">MAIN</subfield>
    <subfield code="c">1ST</subfield>
    <subfield code="d">2009-07-19</subfield>
    <subfield code="e">purchase</subfield>
    <subfield code="g">36.00</subfield>
    <subfield code="h">7013</subfield>
    <subfield code="l">1</subfield>
    <subfield code="m">20</subfield>
    <subfield code="o">320.54 &#x627;&#x644;&#x62F;</subfield>
    <subfield code="p">000017533</subfield>
    <subfield code="r">2025-07-15 00:00:00</subfield>
    <subfield code="s">2013-03-13</subfield>
    <subfield code="y">BB</subfield>
  </datafield>
</record>
